[Event "BCF-ch U16"]
[Site "Hull"]
[Date "2018.08.04"]
[Round "7"]
[White "Karia, Devin"]
[Black "Phillips, David"]
[Result "0-1"]
[WhiteElo "1421"]
[BlackElo "1862"]
[PlyCount "52"]
[EventDate "2018.07.29"]
[EventType "swiss"]
[EventRounds "7"]
[EventCountry "ENG"]
[SourceTitle "CBM 186 Extra"]
[Source "ChessBase"]
[SourceDate "2018.08.24"]
[SourceVersion "1"]
[SourceVersionDate "2018.08.24"]
[SourceQuality "1"]

1. d4 d5 2. Nf3 Nf6 3. Bf4 c5 4. e3 Nc6 5. h3 Qb6 6. b3 cxd4 7. exd4 Bf5 8. Bd3 Ne4 9. c3 e6 10. Nbd2 Nxc3 11. Qc2 Nb4 12. Qxc3 Nxd3+ 13. Kd1 Nxf4 14. Nh4 Bd3 15. a3 Ba6 16. Re1 Be7 17. Qe3 Nd3 18. Nf5 Nxe1 19. Nxg7+ Kd7 20. Kxe1 Bf6 21. Qf3 Qxd4 22. Rd1 Qe5+ 23. Ne4 Ke7 24. Qxf6+ Qxf6 25. Nxf6 Kxf6 26. Nh5+ Ke7 0-1

[Event "BCF-ch U16"]
[Site "Hull"]
[Date "2018.07.31"]
[Round "3"]
[White "Maladkar, Ritika"]
[Black "Karia, Devin"]
[Result "1-0"]
[WhiteElo "1570"]
[BlackElo "1421"]
[PlyCount "71"]
[EventDate "2018.07.29"]
[EventType "swiss"]
[EventRounds "7"]
[EventCountry "ENG"]
[SourceTitle "CBM 186 Extra"]
[Source "ChessBase"]
[SourceDate "2018.08.24"]
[SourceVersion "1"]
[SourceVersionDate "2018.08.24"]
[SourceQuality "1"]

1. e4 e5 2. Nf3 Nc6 3. d4 exd4 4. Nxd4 Bc5 5. Be3 Qf6 6. c3 Nge7 7. f3 0-0 8. Qd2 d5 9. Nxc6 Qxc6 10. Bd3 Re8 11. 0-0 b6 12. a4 Nf5 13. Bf2 Nd6 14. exd5 Qd7 15. Bxc5 bxc5 16. c4 Ba6 17. Na3 Qe7 18. Rae1 Qf6 19. Qf2 Rab8 20. Nb5 Nxb5 21. axb5 Bb7 22. Qxc5 Rec8 23. Re2 a6 24. Rfe1 axb5 25. cxb5 Qb6 26. Qxb6 cxb6 27. Bc4 Rd8 28. Re7 h6 29. Rd1 Bc8 30. d6 Bd7 31. Rxf7 Kh8 32. Re1 Re8 33. Rxe8+ Bxe8 34. Rf8+ Kh7 35. d7 Bxd7 36. Rxb8 1-0

[Event "BCF-ch U14"]
[Site "Llandudno"]
[Date "2017.08.05"]
[Round "7"]
[White "Remus Elliot, Tai"]
[Black "Karia, Devin"]
[Result "1/2-1/2"]
[WhiteElo "1388"]
[BlackElo "1399"]
[PlyCount "128"]
[EventDate "2017.07.30"]
[EventType "swiss"]
[EventRounds "7"]
[EventCountry "WLS"]
[SourceTitle "CBM 179 Extra"]
[Source "ChessBase"]
[SourceDate "2017.08.23"]
[SourceVersion "1"]
[SourceVersionDate "2017.08.23"]
[SourceQuality "1"]

1. d4 d5 2. Bf4 Bf5 3. c4 e6 4. Nc3 c6 5. e3 Nf6 6. Nf3 Nbd7 7. Ne5 Be7 8. cxd5 exd5 9. Be2 h6 10. h4 Ne4 11. Nxd7 Bxd7 12. Nxe4 dxe4 13. Bc4 Bb4+ 14. Kf1 b5 15. Bxf7+ Kxf7 16. Qb3+ Be6 17. Qxb4 Bc4+ 18. Kg1 g5 19. Be5 Rg8 20. h5 g4 21. Qd6 Qxd6 22. Bxd6 Rae8 23. Rc1 Re6 24. Be5 Bxa2 25. Ra1 Bd5 26. Rxa7+ Re7 27. Rxe7+ Kxe7 28. Bf4 Rh8 29. Kh2 Kf7 30. Ra1 Kg8 31. Ra8+ Kh7 32. Rxh8+ Kxh8 33. Bxh6 Bf7 34. Kg3 Kh7 35. Bf8 Bxh5 36. Kf4 Kg8 37. Bc5 Bf7 38. Kxe4 Bd5+ 39. Kf4 Bxg2 40. Kxg4 Bd5 41. f4 Kf7 42. Bd6 Be4 43. f5 Bd3 44. Kf4 Bc4 45. e4 Bb3 46. e5 Bd5 47. e6+ Kf6 48. e7 Bf7 49. Kg4 Be8 50. b4 Bf7 51. Kf4 Be8 52. Ke4 Bf7 53. Bc5 Bd5+ 54. Kf4 Bf7 55. Kg4 Be8 56. Bd6 Bf7 57. Be5+ Kxe7 58. Kg5 Bc4 59. Kh6 Kf7 60. Kg5 Bd5 61. Kf4 Bc4 62. Bh8 Bd5 63. Ke5 Bh1 64. f6 Bg2 1/2-1/2

[Event "BCF-ch U14"]
[Site "Llandudno"]
[Date "2017.08.02"]
[Round "4"]
[White "Ratnesan, Rajeiv"]
[Black "Karia, Devin"]
[Result "1/2-1/2"]
[WhiteElo "1537"]
[BlackElo "1399"]
[PlyCount "57"]
[EventDate "2017.07.30"]
[EventType "swiss"]
[EventRounds "7"]
[EventCountry "WLS"]
[SourceTitle "CBM 179 Extra"]
[Source "ChessBase"]
[SourceDate "2017.08.23"]
[SourceVersion "1"]
[SourceVersionDate "2017.08.23"]
[SourceQuality "1"]

1. e4 e5 2. Nf3 Nc6 3. Bc4 Nf6 4. d3 Bc5 5. c3 d6 6. b4 Bb6 7. Bb3 Be6 8. Nbd2 a5 9. b5 Ne7 10. 0-0 0-0 11. a4 Ng6 12. Nc4 Bxc4 13. Bxc4 h6 14. h3 c5 15. Re1 Qc7 16. Nh2 Qd7 17. Qf3 Kh7 18. Ng4 Nxg4 19. hxg4 Bd8 20. g5 Nf4 21. Bxf4 exf4 22. gxh6 gxh6 23. Qxf4 Bg5 24. Qf5+ Qxf5 25. exf5 b6 26. Bd5 Rad8 27. c4 Bf6 28. Ra2 Kg7 29. Rae2 1/2-1/2

[Event "BCF-chT4S 1617 (4NCL)"]
[Site "England"]
[Date "2017.03.19"]
[Round "8.116"]
[White "Karia, Devin"]
[Black "Mason, Ian"]
[Result "1/2-1/2"]
[WhiteElo "1622"]
[BlackElo "1548"]
[PlyCount "32"]
[EventDate "2016.11.26"]
[EventType "team-swiss"]
[EventRounds "11"]
[EventCountry "ENG"]
[SourceTitle "EXT 2019"]
[Source "ChessBase"]
[SourceDate "2018.10.10"]
[SourceVersion "1"]
[SourceVersionDate "2018.10.10"]
[SourceQuality "1"]
[WhiteTeam "Barnet Knights II"]
[BlackTeam "CSC Hippos"]
[WhiteTeamCountry "ENG"]
[BlackTeamCountry "ENG"]

1. d4 Nf6 2. Nf3 e6 3. Bf4 b6 4. e3 Bb7 5. c4 d5 6. Nc3 Bb4 7. Qa4+ Nc6 8. Ne5 Bxc3+ 9. bxc3 0-0 10. Nxc6 Qd7 11. c5 Bxc6 12. Qc2 bxc5 13. Be2 Ba4 14. Qc1 c4 15. 0-0 Rab8 16. Bd1 Bxd1 1/2-1/2

[Event "BCF-chT4S 1617 (4NCL)"]
[Site "England"]
[Date "2017.02.11"]
[Round "5.102"]
[White "Watson, Jacob"]
[Black "Karia, Devin"]
[Result "1-0"]
[WhiteElo "1790"]
[BlackElo "1622"]
[PlyCount "77"]
[EventDate "2016.11.26"]
[EventType "team-swiss"]
[EventRounds "11"]
[EventCountry "ENG"]
[SourceTitle "EXT 2019"]
[Source "ChessBase"]
[SourceDate "2018.10.10"]
[SourceVersion "1"]
[SourceVersionDate "2018.10.10"]
[SourceQuality "1"]
[WhiteTeam "Kent KJCA Kestrels"]
[BlackTeam "Barnet Knights II"]
[WhiteTeamCountry "ENG"]
[BlackTeamCountry "ENG"]

1. e4 e5 2. Nf3 Nc6 3. Bb5 Nge7 4. d3 g6 5. 0-0 Bg7 6. c3 0-0 7. Nbd2 d6 8. Re1 f5 9. Qb3+ d5 10. exd5 Nxd5 11. Bxc6 bxc6 12. Nxe5 Re8 13. Ndf3 Qd6 14. d4 Bxe5 15. dxe5 Qe6 16. Bd2 Ba6 17. Nd4 Qd7 18. Qa4 Nb6 19. Qxa6 Qd5 20. Qe2 Nc4 21. Bf4 Nd6 22. Qf3 Ne4 23. g4 g5 24. gxf5 gxf4 25. Qxe4 Qf7 26. Qxf4 Kh8 27. Re3 Rg8+ 28. Rg3 Rg7 29. f6 Rg6 30. Rxg6 Qxg6+ 31. Qg3 Qf7 32. Qg7+ Qxg7+ 33. fxg7+ Kxg7 34. Re1 Kf7 35. e6+ Ke7 36. Nxc6+ Kd6 37. e7 Re8 38. Nd4 Rxe7 39. Nf5+ 1-0

[Event "BCF-chT4S 1617 (4NCL)"]
[Site "England"]
[Date "2016.11.27"]
[Round "2.22"]
[White "Karia, Devin"]
[Black "Ho, Marco"]
[Result "0-1"]
[WhiteElo "1622"]
[BlackElo "1997"]
[PlyCount "124"]
[EventDate "2016.11.26"]
[EventType "team-swiss"]
[EventRounds "11"]
[EventCountry "ENG"]
[SourceTitle "EXT 2019"]
[Source "ChessBase"]
[SourceDate "2018.10.10"]
[SourceVersion "1"]
[SourceVersionDate "2018.10.10"]
[SourceQuality "1"]
[WhiteTeam "Barnet Knights III"]
[BlackTeam "Throw in the Tal"]
[WhiteTeamCountry "ENG"]
[BlackTeamCountry "ENG"]

1. d4 c5 2. Nf3 Nf6 3. Bf4 e6 4. e3 cxd4 5. exd4 Qa5+ 6. Nbd2 Nc6 7. h3 Qb4 8. Rb1 Nxd4 9. Nxd4 Qxd4 10. Be3 Qb4 11. c3 Qd6 12. Be2 Nd5 13. 0-0 Nxe3 14. fxe3 Qc5 15. Rf3 Be7 16. Ne4 Qc7 17. Bd3 d5 18. Ng3 0-0 19. Qe1 Bd7 20. Qf2 Bh4 21. Rf1 f5 22. Bc2 Rae8 23. Bb3 Qe5 24. e4 dxe4 25. Rxf5 Qd6 26. Rxf8+ Rxf8 27. Qxf8+ Qxf8 28. Rxf8+ Kxf8 29. Nxe4 Ke7 30. Nc5 Bc8 31. Kf1 b6 32. Nd3 Bg3 33. Nf2 Bb7 34. Bc2 h6 35. Be4 Ba6+ 36. Bd3 Bc8 37. Ne4 Bf4 38. b3 Be5 39. c4 Bd7 40. Nd2 Bd4 41. Nf3 Bc3 42. Nh4 Kd6 43. Ng6 Kc5 44. Nf8 Bc8 45. Ke2 Kb4 46. Kd1 Ka3 47. Kc2 Bb4 48. Ng6 Kxa2 49. Ne5 a5 50. Nc6 Bd6 51. Nd4 Bd7 52. Be2 e5 53. Nb5 Bxb5 54. cxb5 Bc5 55. Bd3 Bd4 56. Be4 Ka3 57. Bd3 Kb4 58. Bc4 a4 59. Kb1 Kc3 60. Ka2 e4 61. g4 e3 62. Be2 Kd2 0-1

[Event "BCF-chT4 1516 (4NCL)"]
[Site "England"]
[Date "2016.01.17"]
[Round "4.200"]
[White "Rivlin, Mark"]
[Black "Karia, Devin"]
[Result "1-0"]
[WhiteElo "1675"]
[BlackElo "1712"]
[PlyCount "107"]
[EventDate "2015.11.14"]
[EventType "team-swiss"]
[EventRounds "11"]
[EventCountry "ENG"]
[SourceTitle "EXT 2017"]
[Source "ChessBase"]
[SourceDate "2016.10.25"]
[SourceVersion "1"]
[SourceVersionDate "2016.10.25"]
[SourceQuality "1"]
[WhiteTeam "Hackney II"]
[BlackTeam "Barnet Knights"]
[WhiteTeamCountry "ENG"]
[BlackTeamCountry "ENG"]

1. e4 e5 2. d4 Nc6 3. c3 Nf6 4. Bc4 Nxe4 5. Qb3 Qf6 6. Nf3 exd4 7. 0-0 Bc5 8. Re1 Qf5 9. Nbd2 Na5 10. Qb5 Nxc4 11. Qxc4 Be7 12. Nxe4 d5 13. Qb5+ Qd7 14. Qxd7+ Bxd7 15. Ng3 dxc3 16. bxc3 Be6 17. Ng5 Kd7 18. Nxe6 fxe6 19. Be3 Rhf8 20. Rad1 b6 21. Re2 c5 22. Bc1 Rad8 23. Rde1 Bf6 24. Bd2 Rfe8 25. Nh5 e5 26. Nxf6+ gxf6 27. g3 Kc6 28. f3 c4 29. Kf2 Kc5 30. a4 Re7 31. Bc1 Rb7 32. Ba3+ Kc6 33. h4 Rdd7 34. Rb2 a6 35. Rd1 b5 36. a5 d4 37. Rbd2 dxc3 38. Rd6+ Rxd6 39. Rxd6+ Kc7 40. Rxf6 Kc8 41. Rf8+ Kd7 42. Rf7+ Kc8 43. Rxb7 Kxb7 44. Ke2 Kc6 45. Bb4 Kd5 46. g4 Kd4 47. g5 c2 48. Kd2 c1Q+ 49. Kxc1 c3 50. h5 e4 51. fxe4 Ke5 52. Bxc3+ Ke6 53. Kd2 Kf7 54. Kd3 1-0

[Event "BCF-chT4 1516 (4NCL)"]
[Site "England"]
[Date "2015.11.14"]
[Round "1.99"]
[White "Graham, Neil"]
[Black "Karia, Devin"]
[Result "1-0"]
[WhiteElo "1830"]
[BlackElo "1712"]
[PlyCount "131"]
[EventDate "2015.11.14"]
[EventType "team-swiss"]
[EventRounds "11"]
[EventCountry "ENG"]
[SourceTitle "EXT 2017"]
[Source "ChessBase"]
[SourceDate "2016.10.25"]
[SourceVersion "1"]
[SourceVersionDate "2016.10.25"]
[SourceQuality "1"]
[WhiteTeam "Ashfield Breadsall II"]
[BlackTeam "Barnet Knights II"]
[WhiteTeamCountry "ENG"]
[BlackTeamCountry "ENG"]

1. d4 d5 2. e4 c5 3. dxc5 e6 4. b4 b6 5. Bb5+ Bd7 6. Bxd7+ Qxd7 7. Be3 bxc5 8. Bxc5 Bxc5 9. bxc5 dxe4 10. Qe2 Nf6 11. Nd2 Qd4 12. Rd1 0-0 13. Nb3 Qc3+ 14. Qd2 Qxd2+ 15. Rxd2 Nc6 16. Ne2 Nb4 17. a3 Na6 18. Rd6 Nc7 19. 0-0 Nb5 20. Ra6 Rfc8 21. h3 Nd7 22. Ng3 Nxc5 23. Nxc5 Rxc5 24. Ra5 Rac8 25. Nxe4 Rd5 26. Rb1 Nd4 27. Rxa7 f5 28. c4 Rdd8 29. Ng3 Rb8 30. Rbb7 Rxb7 31. Rxb7 Ra8 32. Nh5 g6 33. Nf6+ Kf8 34. Nxh7+ Kg8 35. Nf6+ Kf8 36. Nh7+ Kg8 37. Re7 Ne2+ 38. Kf1 Nf4 39. g3 Nh5 40. Ng5 e5 41. Nf3 Nf6 42. Re6 e4 43. Ne5 Kg7 44. c5 Ra5 45. Rc6 Rxa3 46. Rc7+ Kf8 47. Rf7+ Ke8 48. Rxf6 Rc3 49. c6 e3 50. fxe3 Rxe3 51. c7 Rc3 52. Rc6 Rxc6 53. Nxc6 Kd7 54. Ne5+ Kxc7 55. Nxg6 Kd6 56. Kf2 Ke6 57. Kf3 Kf6 58. Nf4 Kg5 59. Ne2 Kg6 60. Kf4 Kf6 61. Nd4 Kg6 62. Nxf5 Kh7 63. Kg5 Kg8 64. Kg6 Kh8 65. Kf7 Kh7 66. g4 1-0

[Event "BCF-ch U12"]
[Site "Coventry"]
[Date "2015.08.06"]
[Round "6"]
[White "Selby, Oscar"]
[Black "Karia, Devin"]
[Result "1-0"]
[WhiteElo "127"]
[BlackElo "1319"]
[PlyCount "111"]
[EventDate "2015.08.02"]
[EventType "swiss"]
[EventRounds "7"]
[EventCountry "ENG"]
[SourceTitle "CBM 167 Extra"]
[Source "ChessBase"]
[SourceDate "2015.09.14"]
[SourceVersion "1"]
[SourceVersionDate "2015.09.14"]
[SourceQuality "1"]

1. e4 e5 2. Nf3 Nc6 3. Bc4 Nf6 4. Nc3 Bc5 5. d3 d6 6. Bg5 h6 7. Bh4 Be6 8. Nd5 Bxd5 9. Bxd5 0-0 10. Bxc6 bxc6 11. 0-0 Re8 12. c3 d5 13. b4 Bb6 14. c4 dxe4 15. dxe4 Bd4 16. Nxd4 Qxd4 17. Qxd4 exd4 18. Bxf6 gxf6 19. Rfe1 Rad8 20. Rad1 Kh7 21. Rd3 Re6 22. c5 f5 23. f3 Kg6 24. exf5+ Kxf5 25. Rxe6 fxe6 26. Kf2 e5 27. Ke2 a6 28. Ra3 Ra8 29. g3 h5 30. Kd3 Kg5 31. Ke4 Rd8 32. Rd3 Rd5 33. f4+ exf4 34. gxf4+ Kf6 35. Rxd4 Rxd4+ 36. Kxd4 Kf5 37. Ke3 Kf6 38. Ke4 Ke6 39. f5+ Kf6 40. h4 Kf7 41. Ke5 Ke7 42. f6+ Kf7 43. Kf5 Kf8 44. Kg6 Kg8 45. f7+ Kf8 46. a3 a5 47. bxa5 Ke7 48. Kg7 Kd7 49. f8Q Ke6 50. Qf6+ Kd5 51. Qg5+ Kc4 52. a6 Kb5 53. a7 Ka6 54. a8Q+ Kb5 55. Qb7+ Ka4 56. Qb4# 1-0

[Event "BCF-ch U12"]
[Site "Coventry"]
[Date "2015.08.04"]
[Round "4"]
[White "Karia, Devin"]
[Black "Rustom, Zevon"]
[Result "1-0"]
[WhiteElo "1319"]
[BlackElo "105"]
[PlyCount "89"]
[EventDate "2015.08.02"]
[EventType "swiss"]
[EventRounds "7"]
[EventCountry "ENG"]
[SourceTitle "CBM 167 Extra"]
[Source "ChessBase"]
[SourceDate "2015.09.14"]
[SourceVersion "1"]
[SourceVersionDate "2015.09.14"]
[SourceQuality "1"]

1. d4 d5 2. Nf3 Nf6 3. Bf4 e6 4. c4 Bd6 5. Ne5 0-0 6. Nc3 Nbd7 7. e3 c5 8. Be2 Qc7 9. 0-0 Nxe5 10. Nb5 Qb8 11. Nxd6 Qxd6 12. dxe5 Qe7 13. exf6 Qxf6 14. cxd5 Qxb2 15. d6 Rd8 16. Bc4 Qf6 17. Qh5 a6 18. Be5 Qg6 19. Qxg6 hxg6 20. a4 Bd7 21. a5 Bc6 22. Rfd1 Rd7 23. Bg3 Ra7 24. Bh4 Ra8 25. Be7 Re8 26. f3 Ra8 27. e4 Re8 28. Rdb1 Rb8 29. Bxa6 Ra8 30. Bb5 Rc8 31. Bxc6 Rxc6 32. Rb6 Rxb6 33. axb6 Kh7 34. Rc1 f5 35. Rxc5 fxe4 36. fxe4 e5 37. Rc7 g5 38. Rxd7 g4 39. g3 Kg6 40. Bh4 Kh7 41. Re7 Kh6 42. d7 g5 43. Re6+ Kh5 44. d8Q gxh4 45. Qxh4# 1-0

[Event "BCF-ch U12"]
[Site "Coventry"]
[Date "2015.08.02"]
[Round "1"]
[White "Zhang, Harvey Y"]
[Black "Karia, Devin"]
[Result "1-0"]
[WhiteElo "1704"]
[BlackElo "1319"]
[PlyCount "133"]
[EventDate "2015.08.02"]
[EventType "swiss"]
[EventRounds "7"]
[EventCountry "ENG"]
[SourceTitle "CBM 167 Extra"]
[Source "ChessBase"]
[SourceDate "2015.09.14"]
[SourceVersion "1"]
[SourceVersionDate "2015.09.14"]
[SourceQuality "1"]

1. d4 d5 2. Nf3 Nf6 3. c4 e6 4. Nc3 Nbd7 5. Bf4 Bd6 6. Bxd6 cxd6 7. Nb5 Nb6 8. cxd5 Nbxd5 9. e3 0-0 10. Bd3 Qb6 11. Qd2 Bd7 12. Na3 Rac8 13. 0-0 Qb4 14. Rac1 Qxd2 15. Nxd2 Nb4 16. Bb1 d5 17. Nb3 b6 18. f3 Nc6 19. Rc3 Nb4 20. Rfc1 a6 21. Rc7 Rb8 22. Ra7 Bc6 23. Rc7 Rfc8 24. Rxc8+ Rxc8 25. Kf2 Kf8 26. Rc3 Ke7 27. Nc1 a5 28. Nd3 Nd7 29. Rc1 Bb7 30. Rxc8 Bxc8 31. Nxb4 axb4 32. Nc2 b3 33. axb3 e5 34. h4 exd4 35. exd4 f5 36. Ne3 Nf6 37. Nxf5+ Bxf5 38. Bxf5 h6 39. g4 g5 40. hxg5 hxg5 41. b4 Kd6 42. Ke3 Ng8 43. b5 Ne7 44. f4 Nxf5+ 45. gxf5 g4 46. Kf2 Ke7 47. Kg3 Kf6 48. Kxg4 Kf7 49. Kg5 Kg7 50. f6+ Kf7 51. Kf5 Kf8 52. Ke6 Ke8 53. Kxd5 Kf7 54. Kc6 Kxf6 55. Kxb6 Kf5 56. Kc6 Kxf4 57. b6 Ke3 58. b7 Kxd4 59. b8Q Ke4 60. Kc5 Kd3 61. Kd5 Kc2 62. Qc7+ Kxb2 63. Kd4 Kb3 64. Qc3+ Ka2 65. Qb4 Ka1 66. Kc3 Ka2 67. Qb2# 1-0

[Event "London Golders Green op U1900 4th"]
[Site "London"]
[Date "2014.08.25"]
[Round "5"]
[White "Winter, Malcolm J"]
[Black "Karia, Devin"]
[Result "1/2-1/2"]
[WhiteElo "1557"]
[BlackElo "1578"]
[PlyCount "127"]
[EventDate "2014.08.23"]
[EventType "swiss"]
[EventRounds "6"]
[EventCountry "ENG"]
[SourceTitle "EXT 2018"]
[Source "ChessBase"]
[SourceDate "2017.10.13"]
[SourceVersion "1"]
[SourceVersionDate "2017.10.13"]
[SourceQuality "1"]

1. d4 d5 2. Nf3 Nf6 3. e3 e6 4. Bd3 b6 5. Nbd2 Bb7 6. 0-0 Be7 7. c3 0-0 8. Ne5 Nbd7 9. f4 c5 10. Rf3 h6 11. Rh3 Nxe5 12. fxe5 Ne4 13. Qg4 Bg5 14. Nxe4 dxe4 15. Bxe4 f5 16. exf6 Bxe4 17. Qxe6+ Kh8 18. fxg7+ Kxg7 19. Qxe4 Qe8 20. Qxe8 Raxe8 21. Bd2 cxd4 22. cxd4 Rc8 23. Rc1 Rxc1+ 24. Bxc1 Rc8 25. Bd2 Rc2 26. Bc3 Re2 27. d5+ Kf7 28. Rf3+ Ke7 29. e4 Rxe4 30. Kf2 Kd6 31. Rf5 b5 32. g3 b4 33. Bg7 a5 34. Bf8+ Kd7 35. h4 Bc1 36. b3 Rd4 37. Re5 Rd2+ 38. Re2 Rxd5 39. Rc2 Rf5+ 40. Kg2 Rxf8 41. Rxc1 Re8 42. Rc2 Re3 43. Kf2 Rd3 44. Kg2 Rc3 45. Rf2 Ke6 46. Kh3 h5 47. Rd2 Ke5 48. Kg2 Ke4 49. Re2+ Kd3 50. Re5 Rc2+ 51. Kf3 Rxa2 52. Rxh5 a4 53. bxa4 b3 54. Rb5 b2 55. h5 Kc2 56. h6 b1Q 57. Rxb1 Kxb1 58. Kf4 Rxa4+ 59. Kg5 Ra5+ 60. Kh4 Ra6 61. Kh5 Ra5+ 62. Kg6 Ra6+ 63. Kg7 Ra7+ 64. Kg8 1/2-1/2